Statistiques concernant Le jeu des directions (ordinateur uniquement)

Cliquez ici pour prendre le quiz!

Statistiques générales

  • Ce quiz a été pris 92 fois
  • Le résultat moyen est 24 sur 45

Statistiques - réponses

QuestionTuileSelect% Correct
1ère question: Trouvez quelle est la neuvième case.Diagonale haut droiteNon
88%
1ère question: Trouvez quelle est la neuvième case.BasNon
86%
1ère question: Trouvez quelle est la neuvième case.DroiteNon
86%
1ère question: Trouvez quelle est la neuvième case.PR:BasNon
86%
1ère question: Trouvez quelle est la neuvième case.BasNon
83%
1ère question: Trouvez quelle est la neuvième case.DroiteNon
83%
2ème question: Trouvez quelle est la neuvième case.PR:HautNon
74%
2ème question: Trouvez quelle est la neuvième case.BasNon
71%
2ème question: Trouvez quelle est la neuvième case.Bas x 2Non
70%
1ère question: Trouvez quelle est la neuvième case.Diagonale haut gaucheNon
70%
2ème question: Trouvez quelle est la neuvième case.Haut x 2 +GaucheNon
70%
2ème question: Trouvez quelle est la neuvième case.Diagonale Bas GaucheNon
63%
2ème question: Trouvez quelle est la neuvième case.Droite + Haut x 2Non
63%
2ème question: Trouvez quelle est la neuvième case.GaucheNon
62%
1ère question: Trouvez quelle est la neuvième case.Diagonale bas gaucheNon
61%
3ème question: Trouvez quelle case n’est pas nommé par les autres.La réponse n’est pas BasNon
61%
3ème question: Trouvez quelle case n’est pas nommé par les autres.La réponse n’est pas Diagonale Haut droiteNon
61%
3ème question: Trouvez quelle case n’est pas nommé par les autres.La réponse n’est pas Diagonale Bas gaucheNon
59%
3ème question: Trouvez quelle case n’est pas nommé par les autres.La réponse n’est pas GaucheNon
59%
3ème question: Trouvez quelle case n’est pas nommé par les autres.La réponse n’est pas Diagonale bas droiteNon
58%
3ème question: Trouvez quelle case n’est pas nommé par les autres.La réponse n’est pas Diagonale Haut gaucheNon
58%
3ème question: Trouvez quelle case n’est pas nommé par les autres.La réponse n’est pas Diagonale Haut droiteNon
54%
4ème question: Servez-vous de ces indices: Diagonale:1 Bas:2 Haut:3 Droite:4 Gauche:5134Non
50%
4ème question: Servez-vous de ces indices: Diagonale:1 Bas:2 Haut:3 Droite:4 Gauche:53Non
50%
4ème question: Servez-vous de ces indices: Diagonale:1 Bas:2 Haut:3 Droite:4 Gauche:5PR:124Non
50%
4ème question: Servez-vous de ces indices: Diagonale:1 Bas:2 Haut:3 Droite:4 Gauche:522Non
49%
2ème question: Trouvez quelle est la neuvième case.DroiteNon
49%
1ère question: Trouvez quelle est la neuvième case.HautOui
47%
4ème question: Servez-vous de ces indices: Diagonale:1 Bas:2 Haut:3 Droite:4 Gauche:555Non
46%
5ème question: Cette question fusionne la question 3 et 4: Diagonale:1 Bas:2 Haut:3 Droite:4 Gauche:5La réponse n’est pas 2Non
46%
4ème question: Servez-vous de ces indices: Diagonale:1 Bas:2 Haut:3 Droite:4 Gauche:5135Non
45%
4ème question: Servez-vous de ces indices: Diagonale:1 Bas:2 Haut:3 Droite:4 Gauche:5424Non
43%
5ème question: Cette question fusionne la question 3 et 4: Diagonale:1 Bas:2 Haut:3 Droite:4 Gauche:5La réponse n’est pas 124Non
43%
5ème question: Cette question fusionne la question 3 et 4: Diagonale:1 Bas:2 Haut:3 Droite:4 Gauche:5La réponse n’est pas 134Non
43%
5ème question: Cette question fusionne la question 3 et 4: Diagonale:1 Bas:2 Haut:3 Droite:4 Gauche:5La réponse n’est pas 3Non
43%
5ème question: Cette question fusionne la question 3 et 4: Diagonale:1 Bas:2 Haut:3 Droite:4 Gauche:5La réponse n’est pas 4Non
41%
5ème question: Cette question fusionne la question 3 et 4: Diagonale:1 Bas:2 Haut:3 Droite:4 Gauche:5Les directions sont à partir du CentreNon
41%
4ème question: Servez-vous de ces indices: Diagonale:1 Bas:2 Haut:3 Droite:4 Gauche:52Non
39%
5ème question: Cette question fusionne la question 3 et 4: Diagonale:1 Bas:2 Haut:3 Droite:4 Gauche:5La réponse n’est pas 5Non
39%
5ème question: Cette question fusionne la question 3 et 4: Diagonale:1 Bas:2 Haut:3 Droite:4 Gauche:5La réponse n’est pas CentreNon
38%
3ème question: Trouvez quelle case n’est pas nommé par les autres.Les directions sont à partir du CentreNon
38%
3ème question: Trouvez quelle case n’est pas nommé par les autres.La réponse n’est pas HautOui
29%
2ème question: Trouvez quelle est la neuvième case.Gauche + BasOui
22%
4ème question: Servez-vous de ces indices: Diagonale:1 Bas:2 Haut:3 Droite:4 Gauche:5135Oui
17%
5ème question: Cette question fusionne la question 3 et 4: Diagonale:1 Bas:2 Haut:3 Droite:4 Gauche:5La réponse n’est pas 125Oui
9%

Distribution des résultats

Percentile par nombre de réponses

% des personnes avec chaque résultat

Votre développement - résultats

Vous n’avez pas pris ce quiz